Statistics for Biggest Cities in the European Union by Letter - U

Click here to take the quiz!

General Stats

  • This quiz has been taken 88 times
  • The average score is 5 of 20

Answer Stats

RankPopulationCountryHintCity% Correct
1343,000NetherlandsDom Tower (tallest in the Netherlands)Utrecht
97%
2188'000SwedenDegree CelsiusUppsala
84%
3123,000GermanyChurch with the tallest steeple, birthplace of EinsteinUlm
68%
599,000ItalyBetween the Adriatic Sea and the Alps, Bianconeri Friuliani Udine
54%
4123,000SwedenUniversity town in the north of the countryUmeå
43%
693,000Czech RepublicFormerly known as Aussig, River ElbeÚstí nad Labem
22%
859,000GermanyWestphalian Hellweg, near DortmundUnna
16%
782,000BelgiumPart of the Brussels-Capital RegionUccle
12%
955,000SwedenOne of the largest shell-banks in the worldUddevalla
10%
1149,000NetherlandsName is derived from the Utrecht Hill RidgeUtrechtse Heuvelrug
9%
1053,000SpainVirgin of Consolación, MostachónUtrera
7%
1441,000NetherlandsChurch of Saint-Petrus, Earnie StewartUden
7%
1535,000SpainRenaissance city, UNESCO World Heritage SiteÚbeda
7%
1634,000GermanyHundertwasser stationUelzen
7%
2026,000LithuaniaClothing, beverage, Lithuania's lowest temperatureUtena
7%
1244,000SwedenModern suburban town between Stockholm and 2)Upplands Väsby
4%
1729,000NetherlandsAmstel-Drecht CanalUithoorn
4%
1342,000United KingdomTown in Trafford, Greater Manchester, River MerseyUrmston
3%
1828,000GermanyMunich suburb. served by S1 trainsUnterschleißheim
3%
1927,000SwedenLake Mälaren, formed in 1952Upplands-Bro
0%

Score Distribution

Percentile by Number Answered

Percent of People with Each Score

Your Score History

You have not taken this quiz